Hospodářské závazky v investiční výstavbě studijní texty

Enregistré dans:
Détails bibliographiques
Auteur principal: Vítek, Stanislav
Format: Livre
Langue:tchèque
Publié: Praha Dům techniky ČSVTS 1984
Tags: Ajouter un tag
Pas de tags, Soyez le premier à ajouter un tag!

MARC

LEADER 00000nam a2200000 4500
001 c111029
005 20041019155148.6
041 0 |a cze 
044 |a CZ 
245 1 0 |a Hospodářské závazky v investiční výstavbě  |b studijní texty  |c Stanislav Vítek 
264 1 |a Praha  |b Dům techniky ČSVTS  |c 1984 
300 |a 185 s. 
100 1 |a Vítek, Stanislav